The woman in black : Elementary level /
Αποθηκεύτηκε σε:
| Κύριος συγγραφέας: | |
|---|---|
| Άλλοι συγγραφείς: | |
| Μορφή: | Sách giấy |
| Γλώσσα: | English |
| Έκδοση: |
London :
Macmillan Education,
2005.
|
| Σειρά: | Macmillan readers
|
| Θέματα: | |
| Ετικέτες: |
Προσθήκη ετικέτας
Δεν υπάρχουν, Καταχωρήστε ετικέτα πρώτοι!
|
| Thư viện lưu trữ: | Thư viện Trường Đại học Đà Lạt |
|---|
| LEADER | 00866nam a2200337 4500 | ||
|---|---|---|---|
| 001 | DLU190190839 | ||
| 005 | ##20190506 | ||
| 020 | # | # | |a 9781405077019 |
| 040 | # | # | |a DLU |b vie |
| 041 | # | # | |a eng |
| 044 | # | # | |a us |
| 082 | # | # | |a 428.6 |b TA-M |
| 100 | # | # | |a Tarner, Margaret. |
| 245 | # | # | |a The woman in black : |b Elementary level / |c Retold by Margaret Tarner; Susan Hill. |
| 260 | # | # | |a London : |b Macmillan Education, |c 2005. |
| 300 | # | # | |a 72 p. : |b ill. ; |c 20 cm. |
| 490 | # | # | |a Macmillan readers |
| 650 | # | # | |a English language |v Textbooks for foreign speakers. |
| 650 | # | # | |a Reading (Elementary). |
| 700 | # | # | |a Hill, Susan. |
| 923 | # | # | |a 01/2019NN |
| 991 | # | # | |a SH |
| 992 | # | # | |a 2880 |
| 994 | # | # | |a DLU |
| 900 | # | # | |a True |
| 911 | # | # | |a Nguyễn Thanh Hương |
| 925 | # | # | |a G |
| 926 | # | # | |a A |
| 927 | # | # | |a SH |
| 980 | # | # | |a Thư viện Trường Đại học Đà Lạt |


